[Event "Oberjoch"]
[Site "?"]
[Date "2001.??.??"]
[Round "1"]
[White "Watson, Ron"]
[Black "Klappert, Gerhard"]
[Result "1-0"]
[WhiteElo "2200"]
[BlackElo "1803"]
[Annotator "ChessOrg"]
[PlyCount "67"]

1. d4 Nf6 2. Nc3 d5 3. Bg5 c6 4. Bxf6 gxf6 5. e3 Bf5 6. Nge2 Nd7 7. Ng3 Bg6 8.
h4 h6 9. Bd3 Qb6 10. Bxg6 fxg6 11. Qg4 O-O-O 12. O-O-O Rg8 13. h5 g5 14. Qe6
Rh8 15. Nf5 Kb8 16. Nxe7 Bxe7 17. Qxe7 Qc7 18. Qe6 Rde8 19. Qf5 Qd6 20. Rh3 Re7
21. Rf3 Qh2 22. g4 b5 23. a3 Qd6 24. e4 Nb6 25. exd5 b4 26. axb4 Qxb4 27. dxc6
Rd8 28. Qc5 Qxc5 29. dxc5 Rxd1+ 30. Kxd1 Nc4 31. Rxf6 Re5 32. Nb5 Re8 33. c7+
Ka8 34. Nd6 1-0

[Event "Oberjoch"]
[Site "?"]
[Date "2001.??.??"]
[Round "1"]
[White "Scholz, Herbert"]
[Black "Wempe, Juergen"]
[Result "0-1"]
[WhiteElo "1738"]
[BlackElo "2177"]
[Annotator "ChessOrg"]
[PlyCount "62"]

1. d4 f5 2. Bg5 g6 3. c4 Bg7 4. Nc3 Nh6 5. e4 Nf7 6. Be3 fxe4 7. Qc2 Nc6 8.
O-O-O Nb4 9. Qxe4 d5 10. cxd5 Bf5 11. Qf3 Nd6 12. g4 Nxa2+ 13. Nxa2 Be4 14. Qh3
Bxh1 15. f3 c6 16. Nc3 cxd5 17. Bd3 Qa5 18. Nge2 b5 19. Nxd5 b4 20. Nef4 Rc8+
21. Kd2 Qa2 22. Nxb4 Qxb2+ 23. Nc2 Nc4+ 24. Bxc4 Rxc4 25. Rc1 Bxd4 26. Nd3
Bxe3+ 27. Kxe3 Rc3 28. Qf1 Bg2 29. Kd2 Rxc2+ 30. Rxc2 Qxc2+ 31. Kxc2 Bxf1 0-1

[Event "Oberjoch"]
[Site "?"]
[Date "2001.??.??"]
[Round "1"]
[White "Siegmund, Rainer"]
[Black "Schulz, Hermann"]
[Result "1-0"]
[WhiteElo "2130"]
[BlackElo "1696"]
[Annotator "ChessOrg"]
[PlyCount "87"]

1. d4 Nf6 2. c4 e6 3. Nc3 Bb4 4. Qc2 c5 5. dxc5 Bxc5 6. Nf3 d5 7. e3 O-O 8. a3
a5 9. cxd5 exd5 10. Be2 Qe7 11. O-O Nc6 12. Rd1 Be6 13. Qa4 Rfd8 14. h3 Rac8
15. Nb5 h6 16. Bd2 b6 17. Bd3 Bd7 18. Qh4 Ne4 19. Qxe7 Bxe7 20. Bc3 Nxc3 21.
Nxc3 Be6 22. Rac1 Bf6 23. Ba6 Rb8 24. Nb5 Ne5 25. Nfd4 Bd7 26. Nc7 Bc8 27. Bxc8
Rbxc8 28. Nxd5 Nd7 29. Nxf6+ Nxf6 30. Kf1 Ne4 31. Ke2 Kf8 32. f3 Nc5 33. Rc2
Na4 34. Rdc1 Rxc2+ 35. Rxc2 Nc5 36. Nb5 Ne6 37. Rc6 Rb8 38. Nd6 b5 39. Rc8+
Rxc8 40. Nxc8 Nc5 41. Kd2 b4 42. axb4 axb4 43. Na7 Ke8 44. Nc6 1-0

[Event "Oberjoch"]
[Site "?"]
[Date "2001.??.??"]
[Round "1"]
[White "Kumeth, Hartmut"]
[Black "Haase, Wolfgang"]
[Result "0-1"]
[WhiteElo "1665"]
[BlackElo "2053"]
[Annotator "ChessOrg"]
[PlyCount "80"]

1. d4 g6 2. c4 f5 3. Nc3 Nf6 4. Nf3 Bg7 5. Bg5 Ne4 6. e3 Nxg5 7. Nxg5 e5 8. Nf3
e4 9. Nd2 d6 10. Qb3 c6 11. O-O-O Nd7 12. Be2 Qb6 13. f3 Qxb3 14. axb3 exf3 15.
Bxf3 O-O 16. e4 Bxd4 17. exf5 gxf5 18. Ne2 Be3 19. Kc2 Ne5 20. Nf1 Bc5 21. Kc3
a5 22. Nf4 Bd7 23. Bh5 Be8 24. Ng3 Bxh5 25. Ngxh5 Ng4 26. Ne6 Bb4+ 27. Kc2 Rfe8
28. Nhf4 Ne3+ 29. Kd3 Nxd1 30. Rxd1 Re7 31. Rf1 Rae8 32. Ng5 Re1 33. Rf3 Bc5
34. Nh5 R8e3+ 35. Rxe3 Rxe3+ 36. Kd2 Rxb3 37. Kc2 Re3 38. Nf4 Re7 39. Nf3 Re4
40. g3 Rxc4+ 0-1

[Event "Oberjoch"]
[Site "?"]
[Date "2001.??.??"]
[Round "1"]
[White "Schmidt, Werner"]
[Black "Volf, Rudolf"]
[Result "1-0"]
[WhiteElo "1948"]
[BlackElo "1639"]
[Annotator "ChessOrg"]
[PlyCount "122"]

1. d4 d5 2. c4 Nf6 3. cxd5 Nxd5 4. Nf3 e6 5. e4 Bb4+ 6. Bd2 Bxd2+ 7. Qxd2 Nf6
8. Nc3 b6 9. Ne5 Bb7 10. f3 O-O 11. h4 Nbd7 12. Nxd7 Qxd7 13. e5 Nd5 14. Ne4 f5
15. Nf2 Qa4 16. Rc1 Rac8 17. Bc4 Kf7 18. Nd3 Ke7 19. Qg5+ Kf7 20. h5 h6 21.
Qg6+ Kg8 22. Qxe6+ Kh8 23. Bxd5 Qa5+ 24. b4 Bxd5 25. bxa5 Bxe6 26. Nf4 Bf7 27.
d5 bxa5 28. Kf2 Rfd8 29. Rhd1 Kg8 30. Rc5 a4 31. e6 Be8 32. Rdc1 c6 33. Ke3 Rd6
34. dxc6 Rdxc6 35. Rxc6 Rxc6 36. Rxc6 Bxc6 37. a3 Be8 38. Kd4 Kf8 39. Ke5 Ke7
40. Kxf5 Kd6 41. Ke4 Kc5 42. Kd3 Bb5+ 43. Kc3 a5 44. g4 Bc6 45. e7 Kd6 46. Ng6
Ke6 47. Kd4 Kd6 48. f4 Ke6 49. Kc5 Be8 50. Kb6 Kf7 51. Kc7 Bb5 52. Kd8 Ke6 53.
Ne5 Kd5 54. Nd7 Bxd7 55. Kxd7 Ke4 56. e8=Q+ Kxf4 57. Qe2 Kg5 58. Qf3 g6 59.
hxg6 Kxg6 60. Qf5+ Kg7 61. Ke6 h5 1-0

[Event "Oberjoch"]
[Site "?"]
[Date "2001.??.??"]
[Round "1"]
[White "Garbe, Heinz"]
[Black "Aigner, Georg"]
[Result "0-1"]
[WhiteElo "1533"]
[BlackElo "1854"]
[Annotator "ChessOrg"]
[PlyCount "52"]

1. d4 d5 2. e3 Nf6 3. Nf3 Bg4 4. Be2 e6 5. O-O c5 6. c4 Nc6 7. dxc5 Bxc5 8.
cxd5 Nxd5 9. a3 O-O 10. b4 Be7 11. Bb2 Bf6 12. Qb3 Bxb2 13. Qxb2 Qf6 14. Qxf6
Nxf6 15. Nbd2 Rfd8 16. Rfd1 e5 17. h3 Bh5 18. g4 Bg6 19. Rac1 e4 20. Nh4 Re8
21. Nb3 Re7 22. Bb5 Ne5 23. Kg2 a6 24. Be2 Ne8 25. Kg3 f6 26. Nxg6 26... Nxg6 {
Rest unleserlich, 0-1 im 46.Zug} 0-1

[Event "Oberjoch"]
[Site "?"]
[Date "2001.??.??"]
[Round "2"]
[White "Haase, Wolfgang"]
[Black "Watson, Ron"]
[Result "1/2-1/2"]
[WhiteElo "2053"]
[BlackElo "2200"]
[Annotator "ChessOrg"]
[PlyCount "65"]

1. e4 e6 2. d4 d5 3. Nc3 dxe4 4. Nxe4 Nf6 5. Bg5 Be7 6. Bxf6 gxf6 7. Nf3 Nd7 8.
Bd3 b6 9. Qe2 Bb7 10. Ba6 Qc8 11. Bxb7 Qxb7 12. O-O-O O-O-O 13. Rhe1 Rhg8 14.
g3 Kb8 15. Nc3 Bb4 16. Qe4 f5 17. Qxb7+ Kxb7 18. Ne5 Nxe5 19. Rxe5 c6 20. f4 h5
21. Re3 h4 22. Ne2 hxg3 23. Rxg3 Rxg3 24. hxg3 Rh8 25. c3 Bd6 26. Kd2 c5 27.
Ke3 cxd4+ 28. cxd4 Rh2 29. Rd2 Bb4 30. Rd1 Kc7 31. a3 Be7 32. Rc1+ Kd7 33. b4
1/2-1/2

[Event "Oberjoch"]
[Site "?"]
[Date "2001.??.??"]
[Round "2"]
[White "Wempe, Juergen"]
[Black "Schmidt, Werner"]
[Result "1-0"]
[WhiteElo "2177"]
[BlackElo "1948"]
[Annotator "ChessOrg"]
[PlyCount "120"]

1. d4 Nf6 2. Nf3 c5 3. c3 e6 4. Bf4 Nc6 5. e3 d5 6. Nbd2 Be7 7. h3 O-O 8. Bd3
c4 9. Be2 b5 10. Qc2 Bb7 11. O-O a5 12. Bg5 Rc8 13. Rad1 Re8 14. Ne5 Nd7 15.
Nxf7 Kxf7 16. Qxh7 Nf6 17. Bxf6 Bxf6 18. Bh5+ Ke7 19. e4 Rh8 20. Qg6 Qf8 21. e5
Bxe5 22. dxe5 Nxe5 23. Qg5+ Qf6 24. Qxf6+ gxf6 25. Be2 Rcg8 26. f4 d4 27. Rf2
Nc6 28. Bf3 dxc3 29. bxc3 Nd8 30. Rb1 Ba6 31. a4 bxa4 32. Rb6 Bc8 33. Nxc4 Rxh3
34. Nxa5 Rh4 35. Rb8 Bd7 36. Rd2 Rxf4 37. Nc6+ Nxc6 38. Rxg8 Ne5 39. Rg7+ Ke8
40. Rgxd7 Nxd7 41. Bc6 Rc4 42. Bxd7+ Ke7 43. Bb5 Rxc3 44. Rd7+ Kf8 45. Bxa4 Ra3
46. Bb5 Rb3 47. Rb7 Re3 48. Kf2 Re5 49. Bc6 Rc5 50. Rc7 Re5 51. Kf3 Rc5 52. Kg4
Re5 53. Bf3 Ke8 54. Kh4 Kd8 55. Rf7 Rf5 56. Bg4 Rf4 57. Kg3 e5 58. Be6 Ke8 59.
Kh3 Rd4 60. Rxf6 Ke7 1-0

[Event "Oberjoch"]
[Site "?"]
[Date "2001.??.??"]
[Round "2"]
[White "Aigner, Georg"]
[Black "Siegmund, Rainer"]
[Result "0-1"]
[WhiteElo "1854"]
[BlackElo "2130"]
[Annotator "ChessOrg"]
[PlyCount "84"]

1. e4 c5 2. Nf3 Nc6 3. d4 cxd4 4. Nxd4 Nf6 5. Nc3 e5 6. Nb3 Bb4 7. Bd2 Bxc3 8.
Bxc3 Nxe4 9. Qg4 Ng5 10. h4 Ne6 11. O-O-O O-O 12. Bd2 f5 13. Qg3 f4 14. Qg4 d5
15. Qh5 Qf6 16. Bd3 g6 17. Qe2 a5 18. a3 a4 19. Na1 Ned4 20. Qf1 Be6 21. c3 Nf5
22. h5 g5 23. Nc2 Rfc8 24. Kb1 e4 25. Bb5 Ne5 26. Nb4 Nc4 27. Bc1 d4 28. cxd4
Nxd4 29. Bxc4 Rxc4 30. Bd2 Qf5 31. Bc3 Nb5 32. Rc1 Rac8 33. Ka1 Nxc3 34. Qe1
Nd5 35. Rxc4 Rxc4 36. Qd2 e3 37. fxe3 fxe3 38. Qe2 Nxb4 39. axb4 Qd5 40. b3
Qd4+ 41. Ka2 axb3+ 42. Ka3 Rc2 0-1

[Event "Oberjoch"]
[Site "?"]
[Date "2001.??.??"]
[Round "2"]
[White "Klappert, Gerhard"]
[Black "Kumeth, Hartmut"]
[Result "1-0"]
[WhiteElo "1803"]
[BlackElo "1665"]
[Annotator "ChessOrg"]
[PlyCount "95"]

1. e4 e5 2. f4 exf4 3. Nf3 Be7 4. Bc4 d6 5. O-O c6 6. d4 Be6 7. Bxe6 fxe6 8.
Bxf4 Na6 9. c3 Qd7 10. b4 Nf6 11. Nbd2 O-O 12. Ng5 h6 13. Nh3 Rf7 14. a4 Raf8
15. Qe2 Nb8 16. Be3 a6 17. Nf4 Kh7 18. h3 e5 19. Nd3 exd4 20. cxd4 Ne8 21. Rxf7
Rxf7 22. e5 Rf8 23. Nf3 Nc7 24. Nf4 Ne6 25. Qd3+ Kg8 26. Ng6 Rd8 27. Qe4 d5 28.
Nxe7+ Qxe7 29. Qg4 Kh8 30. Nh4 Kh7 31. Qg6+ Kh8 32. Nf5 Qe8 33. Qg4 Nd7 34. Rf1
Ndf8 35. Nd6 Rxd6 36. exd6 Qd8 37. Qg3 b6 38. Rf7 a5 39. bxa5 bxa5 40. Qe5 Kg8
41. Re7 Kh7 42. Rxe6 Nxe6 43. Qxe6 Qh4 44. Bf2 Qf4 45. d7 Qc1+ 46. Kh2 Qf4+ 47.
Bg3 Qxg3+ 48. Kxg3 1-0

[Event "Oberjoch"]
[Site "?"]
[Date "2001.??.??"]
[Round "2"]
[White "Schulz, Hermann"]
[Black "Garbe, Heinz"]
[Result "1/2-1/2"]
[WhiteElo "1696"]
[BlackElo "1533"]
[Annotator "ChessOrg"]
[PlyCount "56"]

1. e4 c5 2. Nf3 d6 3. d4 cxd4 4. Nxd4 Nf6 5. Nc3 a6 6. Be2 Qc7 7. Bg5 Nbd7 8.
O-O e6 9. Kh1 Be7 10. Qd2 b5 11. a3 Bb7 12. f3 Rc8 13. Rad1 h6 14. Be3 Ne5 15.
f4 Nc4 16. Bxc4 Qxc4 17. e5 dxe5 18. fxe5 Nd5 19. Nxd5 Bxd5 20. c3 Qc7 21. Qf2
Bd8 22. Qg3 g5 23. Nf3 Rg8 24. Rd2 Rg6 25. Rdf2 f5 26. exf6 Qxg3 27. f7+ Kf8
28. hxg3 Bf6 1/2-1/2

[Event "Oberjoch"]
[Site "?"]
[Date "2001.??.??"]
[Round "3"]
[White "Siegmund, Rainer"]
[Black "Wempe, Juergen"]
[Result "1/2-1/2"]
[WhiteElo "2130"]
[BlackElo "2177"]
[Annotator "ChessOrg"]
[PlyCount "29"]

1. d4 f5 2. g3 Nf6 3. Bg2 e6 4. c4 Be7 5. Nf3 O-O 6. O-O d6 7. Nc3 Qe8 8. Re1
Qg6 9. e4 fxe4 10. Nxe4 Nxe4 11. Rxe4 Bf6 12. Re1 Nc6 13. Be3 Bd7 14. Qd2 Qh5
15. Rac1 1/2-1/2

[Event "Oberjoch"]
[Site "?"]
[Date "2001.??.??"]
[Round "3"]
[White "Schmidt, Werner"]
[Black "Haase, Wolfgang"]
[Result "1/2-1/2"]
[WhiteElo "1948"]
[BlackElo "2053"]
[Annotator "ChessOrg"]
[PlyCount "67"]

1. c4 e5 2. Nc3 Nf6 3. Nf3 Nc6 4. d4 exd4 5. Nxd4 Bb4 6. Nxc6 Bxc3+ 7. bxc3
bxc6 8. Ba3 d6 9. g3 O-O 10. Bg2 Bd7 11. O-O Re8 12. Re1 d5 13. Qd4 Qc8 14. Bc5
Qa6 15. e4 dxe4 16. Bxe4 Nxe4 17. Qxd7 Qxc4 18. Bxa7 Qd5 19. Qxd5 cxd5 20. Bd4
f6 21. f3 Nd2 22. Rxe8+ Rxe8 23. Kf2 Ra8 24. a4 Kf7 25. Ke2 Nc4 26. Bc5 Na5 27.
Bb4 Nb7 28. a5 c5 29. a6 cxb4 30. axb7 Rb8 31. cxb4 Rxb7 32. Rb1 Rb5 33. Kd3
Ke6 34. Kd4 1/2-1/2

[Event "Oberjoch"]
[Site "?"]
[Date "2001.??.??"]
[Round "3"]
[White "Garbe, Heinz"]
[Black "Klappert, Gerhard"]
[Result "0-1"]
[WhiteElo "1533"]
[BlackElo "1803"]
[Annotator "ChessOrg"]
[PlyCount "64"]

1. d4 Nf6 2. Nf3 c6 3. e3 d5 4. Be2 Bg4 5. Nbd2 Nbd7 6. O-O Qc7 7. c4 e6 8. c5
b6 9. b4 a5 10. cxb6 Qxb6 11. bxa5 Rxa5 12. Nb3 Ra8 13. Bd2 Bd6 14. a3 Bf5 15.
Bc3 Ne4 16. Bb2 O-O 17. Bd3 Bg6 18. Qc2 f5 19. Ne5 Bxe5 20. dxe5 c5 21. Bxe4
fxe4 22. Rfc1 Rfc8 23. Qd1 c4 24. Bd4 Qc7 25. Nd2 Nxe5 26. Bxe5 Qxe5 27. Nf1
Bh5 28. Qd2 c3 29. Qc2 Be8 30. a4 Qc7 31. Ra3 Rxa4 32. Rxc3 Rc4 0-1

[Event "Oberjoch"]
[Site "?"]
[Date "2001.??.??"]
[Round "3"]
[White "Scholz, Herbert"]
[Black "Schulz, Hermann"]
[Result "1/2-1/2"]
[WhiteElo "1738"]
[BlackElo "1696"]
[Annotator "ChessOrg"]
[PlyCount "51"]

1. d4 Nf6 2. Bg5 e6 3. e4 d6 4. Nc3 Be7 5. Nf3 Nbd7 6. Bc4 O-O 7. h3 e5 8. O-O
exd4 9. Qxd4 Nb6 10. Be2 Be6 11. Rfe1 h6 12. Bh4 Nh5 13. Bxe7 Qxe7 14. e5 dxe5
15. Qxe5 Nf6 16. Rad1 Rad8 17. a4 c6 18. Ne4 Nxe4 19. Qxe4 Qf6 20. Bd3 g6 21.
a5 Bd5 22. Qe3 Bxf3 23. gxf3 Nd5 24. Qxa7 Nf4 25. Kh2 Nxd3 26. cxd3 1/2-1/2

[Event "Oberjoch"]
[Site "?"]
[Date "2001.??.??"]
[Round "4"]
[White "Wempe, Juergen"]
[Black "Watson, Ron"]
[Result "0-1"]
[WhiteElo "2177"]
[BlackElo "2200"]
[Annotator "ChessOrg"]
[PlyCount "70"]

1. d4 g6 2. e4 Bg7 3. Nf3 d6 4. h3 Nf6 5. Nc3 O-O 6. Bg5 h6 7. Be3 c6 8. Qd2
Kh7 9. O-O-O b5 10. Bd3 b4 11. Ne2 Qa5 12. Kb1 Ba6 13. g4 Bxd3 14. cxd3 Nbd7
15. g5 Ng8 16. gxh6 Bxh6 17. Bxh6 Nxh6 18. Ng5+ Kg7 19. f4 Rh8 20. f5 gxf5 21.
Ne6+ fxe6 22. Qg5+ Kf7 23. Qh5+ Kf6 24. Rhg1 Ng4 25. Qxg4 fxg4 26. Rdf1+ Kg6
27. Rxg4+ Qg5 28. Nf4+ Kh6 29. Rxg5 Kxg5 30. Nxe6+ Kh6 31. Rf7 Kg6 32. Rf5 Rh4
33. Kc2 Nf6 34. Nf4+ Kh6 35. Kb3 Rb8 0-1

[Event "Oberjoch"]
[Site "?"]
[Date "2001.??.??"]
[Round "4"]
[White "Haase, Wolfgang"]
[Black "Siegmund, Rainer"]
[Result "1/2-1/2"]
[WhiteElo "2053"]
[BlackElo "2130"]
[Annotator "ChessOrg"]
[PlyCount "30"]

1. e4 c5 2. c3 d5 3. exd5 Qxd5 4. d4 Nf6 5. Nf3 Bg4 6. Be2 e6 7. O-O Nc6 8. Be3
cxd4 9. Nxd4 Bxe2 10. Qxe2 Be7 11. Nxc6 Qxc6 12. Nd2 O-O 13. Nf3 a6 14. Rad1
Rad8 15. Bd4 b5 1/2-1/2

[Event "Oberjoch"]
[Site "?"]
[Date "2001.??.??"]
[Round "4"]
[White "Kumeth, Hartmut"]
[Black "Scholz, Herbert"]
[Result "1/2-1/2"]
[WhiteElo "1665"]
[BlackElo "1738"]
[Annotator "ChessOrg"]
[PlyCount "49"]

1. d4 Nf6 2. Nf3 b6 3. g3 Ba6 4. Bg2 c6 5. O-O e6 6. Re1 d5 7. Nbd2 Be7 8. e4
O-O 9. e5 Nfd7 10. Bf1 c5 11. c3 Bxf1 12. Nxf1 Nc6 13. Be3 a5 14. a3 a4 15. Qe2
Na5 16. N1d2 c4 17. h4 b5 18. Bg5 Nc6 19. Kg2 Re8 20. Bxe7 Qxe7 21. Ng5 Nf8 22.
f4 f6 23. exf6 Qxf6 24. Ndf3 Ra6 25. Ne5 1/2-1/2

[Event "Oberjoch"]
[Site "?"]
[Date "2001.??.??"]
[Round "5"]
[White "Watson, Ron"]
[Black "Siegmund, Rainer"]
[Result "1-0"]
[WhiteElo "2200"]
[BlackElo "2130"]
[Annotator "ChessOrg"]
[PlyCount "95"]

1. d4 Nf6 2. Nc3 d5 3. Bg5 Bf5 4. f3 Nbd7 5. Nxd5 Nxd5 6. e4 h6 7. Bh4 Ne3 8.
Qd3 Nxf1 9. exf5 Nc5 10. Qb5+ c6 11. Qxc5 Ne3 12. Ke2 Nxg2 13. Bg3 e6 14. Qe5
Be7 15. fxe6 O-O 16. Rd1 Bf6 17. exf7+ Rxf7 18. Qe6 Qf8 19. Kf2 Re8 20. Qb3 Ne3
21. Rd3 Nf5 22. c3 Kh8 23. Ne2 Bg5 24. Be5 Nh4 25. c4 Ng6 26. Bg3 Rfe7 27. Re1
h5 28. c5 Qf5 29. Qd1 h4 30. Bd6 Re6 31. d5 Re3 32. Rxe3 Bxe3+ 33. Kg2 Qg5+ 34.
Kh1 cxd5 35. Nc3 h3 36. Bg3 d4 37. Ne4 Qh5 38. b4 Rf8 39. Rf1 Qd5 40. Qe2 Nf4
41. Bxf4 Rxf4 42. a3 g5 43. Nc3 Qf5 44. Nd1 g4 45. Nxe3 Qe5 46. fxg4 Qe4+ 47.
Kg1 Rxg4+ 48. Qxg4 1-0

[Event "Oberjoch"]
[Site "?"]
[Date "2001.??.??"]
[Round "5"]
[White "Klappert, Gerhard"]
[Black "Schmidt, Werner"]
[Result "0-1"]
[WhiteElo "1803"]
[BlackElo "1948"]
[Annotator "ChessOrg"]
[PlyCount "78"]

1. e4 e5 2. f4 exf4 3. Nf3 d6 4. d4 g5 5. h3 h6 6. Bc4 Bg7 7. c3 Ne7 8. Qb3 O-O
9. a4 Nbc6 10. Bd3 d5 11. e5 f6 12. exf6 Rxf6 13. O-O Rb8 14. Qc2 Bf5 15. b4
Bxd3 16. Qxd3 Ng6 17. Nbd2 Qd7 18. Nb3 b6 19. Bd2 Re8 20. Nh2 Nce7 21. Rae1 Nc8
22. a5 Nd6 23. Rxe8+ Qxe8 24. Ng4 Re6 25. axb6 axb6 26. Bc1 Nh4 27. Nd2 Re2 28.
Rf2 Re6 29. Nf3 Ne4 30. Re2 Nf5 31. c4 Nfg3 32. Re1 Nd6 33. Rxe6 Qxe6 34. cxd5
Qe2 35. Nf2 Nde4 36. Qxe2 Nxe2+ 37. Kf1 N4g3+ 38. Ke1 Nxc1 39. Ne5 Nb3 0-1

[Event "Oberjoch"]
[Site "?"]
[Date "2001.??.??"]
[Round "5"]
[White "Haase, Wolfgang"]
[Black "Wempe, Juergen"]
[Result "0-1"]
[WhiteElo "2053"]
[BlackElo "2177"]
[Annotator "ChessOrg"]
[PlyCount "52"]

1. e4 c5 2. c3 d6 3. d4 Nf6 4. Bd3 Nc6 5. Nf3 Bg4 6. dxc5 dxc5 7. O-O Qd7 8.
Bc2 Rd8 9. Qxd7+ Nxd7 10. Nbd2 f6 11. Re1 a6 12. a4 e6 13. a5 Kf7 14. h3 Bxf3
15. Nxf3 Bd6 16. Rd1 Bc7 17. Ba4 Nxa5 18. b4 Nb6 19. Bd2 Nac4 20. Bb3 Nxd2 21.
Nxd2 cxb4 22. cxb4 Be5 23. Rac1 Bf4 24. Rc2 Rd3 25. Rb2 Rhd8 26. Kf1 Rxd2 0-1

[Event "Oberjoch"]
[Site "?"]
[Date "2001.??.??"]
[Round "5"]
[White "Schulz, Hermann"]
[Black "Kumeth, Hartmut"]
[Result "1/2-1/2"]
[WhiteElo "1696"]
[BlackElo "1665"]
[Annotator "ChessOrg"]
[PlyCount "41"]

1. e4 e5 2. Nf3 Nc6 3. Bb5 a6 4. Ba4 Nf6 5. O-O b5 6. Bb3 Be7 7. Re1 d6 8. h3
O-O 9. c3 Bb7 10. d4 Re8 11. Bg5 h6 12. Bh4 Nd7 13. Bg3 Bf6 14. d5 Ne7 15. Nbd2
Ng6 16. Nf1 Bc8 17. Ne3 Nc5 18. Bc2 Bg5 19. b4 Bxe3 20. Rxe3 Nd7 21. a4 1/2-1/2

[Event "Oberjoch"]
[Site "?"]
[Date "2001.??.??"]
[Round "6"]
[White "Schmidt, Werner"]
[Black "Watson, Ron"]
[Result "1-0"]
[WhiteElo "1948"]
[BlackElo "2200"]
[Annotator "ChessOrg"]
[PlyCount "79"]

1. c4 e6 2. Nc3 d5 3. d4 Nf6 4. Nf3 Be7 5. Bg5 O-O 6. e3 b6 7. Rc1 Bb7 8. Bxf6
Bxf6 9. cxd5 exd5 10. Bd3 Re8 11. O-O g6 12. Qa4 a6 13. Rfd1 Nd7 14. Qb3 Nf8
15. Na4 Qd6 16. Bf1 Rab8 17. Qc3 Qd7 18. b3 Rbc8 19. Ne1 Qe6 20. Qd2 Nd7 21. b4
Be7 22. Nd3 Bd6 23. Rc2 Nf6 24. Rb1 Qe7 25. Nac5 Bxh2+ 26. Kxh2 Ng4+ 27. Kh3
bxc5 28. Kxg4 cxd4 29. exd4 Rcd8 30. Kg3 g5 31. Kh2 Qd6+ 32. Kg1 Re6 33. Qxg5+
Kh8 34. Ne5 Rf8 35. Bd3 Rh6 36. Rxc7 Bc8 37. Rxf7 Rg8 38. Qe7 Rxg2+ 39. Kxg2
Bh3+ 40. Kg1 1-0

[Event "Oberjoch"]
[Site "?"]
[Date "2001.??.??"]
[Round "6"]
[White "Wempe, Juergen"]
[Black "Aigner, Georg"]
[Result "1-0"]
[WhiteElo "2177"]
[BlackElo "1854"]
[Annotator "ChessOrg"]
[PlyCount "103"]

1. d4 d5 2. Nf3 Nf6 3. Bf4 e6 4. e3 Bd6 5. Bg3 c6 6. Nbd2 Qe7 7. Bd3 Nbd7 8.
Ne5 c5 9. c3 Nf8 10. Bh4 Ng6 11. Bb5+ Kf8 12. Bg3 Qc7 13. f4 Ne7 14. Bd3 Nf5
15. Bf2 Be7 16. Qf3 c4 17. Bc2 Nd6 18. O-O b6 19. Bh4 Nfe4 20. Bxe7+ Qxe7 21.
Nxe4 Nxe4 22. Bxe4 dxe4 23. Qxe4 Bb7 24. Qc2 Rc8 25. e4 f6 26. Nf3 Qc7 27. g3
Kf7 28. Rae1 Rhe8 29. Nh4 Kg8 30. f5 Qc6 31. fxe6 Rxe6 32. d5 Qc5+ 33. Qf2
Qxf2+ 34. Kxf2 Re5 35. Re3 Kf8 36. Rd1 g6 37. Nf3 Re7 38. e5 fxe5 39. Nxe5 Rd8
40. d6 Re6 41. d7 Ke7 42. Kg1 b5 43. Rde1 Kf8 44. Nxg6+ hxg6 45. Rxe6 Rxd7 46.
Rxg6 Kf7 47. Rg4 Rd2 48. Rf4+ Kg6 49. Rf2 Rd7 50. h4 Kh5 51. Re5+ Kg4 52. Kh2
1-0

[Event "Oberjoch"]
[Site "?"]
[Date "2001.??.??"]
[Round "6"]
[White "Klappert, Gerhard"]
[Black "Schulz, Hermann"]
[Result "1/2-1/2"]
[WhiteElo "1803"]
[BlackElo "1696"]
[Annotator "ChessOrg"]
[PlyCount "89"]

1. e4 c5 2. f4 d6 3. Nf3 Nf6 4. Nc3 e6 5. d4 cxd4 6. Nxd4 a6 7. Bd3 Qc7 8. O-O
Nc6 9. Nf3 Be7 10. a3 O-O 11. Ne2 b5 12. Ng3 Bb7 13. c3 Rac8 14. h3 Rfd8 15.
Qc2 e5 16. Be3 exf4 17. Bxf4 Ne5 18. Rae1 Nfd7 19. Qe2 Nxd3 20. Qxd3 Ne5 21.
Qe2 f6 22. Nd4 Qd7 23. Ngf5 Bf8 24. Kh1 d5 25. exd5 Bxd5 26. Ne3 Bb7 27. Bxe5
fxe5 28. Ndf5 g6 29. Rd1 Qe6 30. Qg4 Kh8 31. Nh6 Qxg4 32. Nhxg4 Bg7 33. Kh2 Kg8
34. Kg3 e4 35. h4 Rd3 36. Rxd3 exd3 37. Rd1 Rd8 38. Kf2 h5 39. Nh2 Bh6 40. Nf3
Be4 41. c4 Bxe3+ 42. Kxe3 Bxf3 43. gxf3 bxc4 44. Kd2 Kf8 45. Kc3 1/2-1/2

[Event "Oberjoch"]
[Site "?"]
[Date "2001.??.??"]
[Round "6"]
[White "Scholz, Herbert"]
[Black "Haase, Wolfgang"]
[Result "1/2-1/2"]
[WhiteElo "1738"]
[BlackElo "2053"]
[Annotator "ChessOrg"]
[PlyCount "49"]

1. d4 Nf6 2. Bg5 d5 3. Bxf6 exf6 4. e3 Bf5 5. Bd3 Bg6 6. Ne2 Bd6 7. c4 dxc4 8.
Bxc4 O-O 9. Nbc3 Nd7 10. a4 Re8 11. Rc1 c6 12. O-O Qc7 13. Ng3 f5 14. Bd3 f4
15. Nb5 Qb8 16. Nxd6 Qxd6 17. exf4 Qxf4 18. Bxg6 hxg6 19. d5 cxd5 20. Qxd5 Nb6
21. Qxb7 Nxa4 22. Rfe1 Qd2 23. Rxe8+ Rxe8 24. Rc8 Qe1+ 25. Nf1 1/2-1/2

[Event "Oberjoch"]
[Site "?"]
[Date "2001.??.??"]
[Round "6"]
[White "Kumeth, Hartmut"]
[Black "Garbe, Heinz"]
[Result "1/2-1/2"]
[WhiteElo "1665"]
[BlackElo "1533"]
[Annotator "ChessOrg"]
[PlyCount "65"]

1. d4 Nf6 2. c4 g6 3. Nc3 Bg7 4. e4 d6 5. Nf3 Bg4 6. Be2 O-O 7. h3 Bxf3 8. Bxf3
c6 9. Be3 Qc7 10. Rc1 a6 11. O-O Rd8 12. Qe2 Nbd7 13. Rfd1 c5 14. Nd5 Nxd5 15.
cxd5 b6 16. b4 Qa7 17. bxc5 bxc5 18. e5 Rac8 19. e6 fxe6 20. dxe6 Nf8 21. d5
Rb8 22. g4 Rb4 23. h4 Rdb8 24. h5 Rb2 25. Rd2 Rxd2 26. Qxd2 Rb4 27. Kg2 Qb7 28.
Kh3 Nxe6 29. hxg6 hxg6 30. Qd3 Nf8 31. Be4 Qb5 32. Bxg6 Qxd3 33. Bxd3 1/2-1/2

[Event "Oberjoch"]
[Site "?"]
[Date "2001.??.??"]
[Round "7"]
[White "Siegmund, Rainer"]
[Black "Schmidt, Werner"]
[Result "1/2-1/2"]
[WhiteElo "2130"]
[BlackElo "1948"]
[Annotator "ChessOrg"]
[PlyCount "120"]

1. d4 Nf6 2. c4 e6 3. Nc3 Bb4 4. Qc2 Nc6 5. Nf3 d6 6. a3 Bxc3+ 7. Qxc3 O-O 8.
Bg5 Re8 9. e3 a5 10. Nd2 e5 11. d5 Nb8 12. Qc2 Nbd7 13. Bd3 h6 14. Bh4 Nc5 15.
O-O g5 16. Bg3 e4 17. Be2 a4 18. Qd1 Bf5 19. Rc1 Qd7 20. Nb1 h5 21. h4 gxh4 22.
Bxh4 Ng4 23. Nc3 Kh7 24. Nb5 Rg8 25. Nd4 Bg6 26. Rc3 Rae8 27. b4 axb3 28. Nxb3
Nxb3 29. Rxb3 b6 30. Bxg4 Qxg4 31. Qxg4 hxg4 32. Bf6 Bh5 33. g3 Kg6 34. Bc3 Ra8
35. Ra1 Ra4 36. Rb4 Rga8 37. Rxa4 Rxa4 38. Bb4 f6 39. Kf1 Kg7 40. Ke2 Be8 41.
Kd2 Bd7 42. Kc3 Kg6 43. Kd4 Bf5 44. Rh1 Ra8 45. Kc3 Bd7 46. Kb2 Kg7 47. Bc3 Kg6
48. Kb3 Ba4+ 49. Kb2 Bd7 50. Rh4 Bf5 51. Kb3 Bd7 52. Bb4 Kg7 53. Rh1 Kg6 54.
Bc3 Ba4+ 55. Kb2 Bd7 56. Bb4 Kg7 57. Rh4 Kg6 58. Kc3 Kg7 59. Rh5 Kg6 60. Rh1
Kg7 1/2-1/2

[Event "Oberjoch"]
[Site "?"]
[Date "2001.??.??"]
[Round "7"]
[White "Wempe, Juergen"]
[Black "Klappert, Gerhard"]
[Result "1-0"]
[WhiteElo "2177"]
[BlackElo "1803"]
[Annotator "ChessOrg"]
[PlyCount "65"]

1. e4 c5 2. Nf3 Nc6 3. c3 Nf6 4. e5 Nd5 5. d4 cxd4 6. cxd4 e6 7. Nc3 Bb4 8. Bd2
Nxc3 9. Bxc3 Be7 10. d5 exd5 11. Qxd5 O-O 12. Rd1 a6 13. Bd3 Qb6 14. a3 Nd8 15.
h4 Qc6 16. Ng5 g6 17. Be4 Qxd5 18. Bxd5 Ne6 19. f4 Nxf4 20. Bxf7+ Rxf7 21. Nxf7
Nxg2+ 22. Kf2 Kxf7 23. Kxg2 b5 24. Rhf1+ Ke6 25. Kg3 Bb7 26. Rd6+ Bxd6 27. Rf6+
Ke7 28. exd6+ Ke8 29. h5 Be4 30. Kf4 Bf5 31. Kg5 Rc8 32. Kh6 Be6 33. Kg7 1-0

[Event "Oberjoch"]
[Site "?"]
[Date "2001.??.??"]
[Round "7"]
[White "Volf, Rudolf"]
[Black "Watson, Ron"]
[Result "0-1"]
[WhiteElo "1639"]
[BlackElo "2200"]
[Annotator "ChessOrg"]
[PlyCount "71"]

1. f4 d5 2. e3 Nf6 3. Nf3 Bg4 4. b3 c5 5. Bb2 Nc6 6. Bb5 Qb6 7. Bxc6+ bxc6 8.
h3 Bxf3 9. Qxf3 e6 10. Bxf6 gxf6 11. Nc3 Rg8 12. g4 Be7 13. h4 Kd7 14. g5 Rg7
15. e4 fxg5 16. hxg5 Rf8 17. e5 Rb8 18. Qf2 Qa5 19. Qh2 Rb4 20. Ke2 Qa6+ 21.
Kf3 c4 22. Qh6 Bf8 23. Na4 Qa5 24. c3 Rb8 25. Nb2 Qa3 26. Rhb1 Rg6 27. Qxh7 Bg7
28. Qh2 Rh8 29. Qg2 f6 30. d4 fxg5 31. fxg5 Rf8+ 32. Kg4 Bh6 33. Kh5 Rxg5+ 34.
Qxg5 Bxg5 35. Kxg5 Qe7+ 36. Kg6 0-1